Air Conditioning and refrigeration (Record no. 545930)
[ view plain ]
| 000 -LEADER | |
|---|---|
| fixed length control field | 00407nam a22001337a 4500 |
| 082 ## - DEWEY DECIMAL CLASSIFICATION NUMBER | |
| Classification number | 621.56 |
| Author Mark | SEV |
| -- | L-8, P-22 |
| 100 ## - MAIN ENTRY--PERSONAL NAME | |
| Personal name | Severns, williwm H. |
| 9 (RLIN) | 41908 |
| 245 ## - TITLE STATEMENT | |
| Title | Air Conditioning and refrigeration |
| Statement of responsibility, etc. | Severns, williwm H. |
| 260 ## - PUBLICATION, DISTRIBUTION, ETC. | |
| Place of publication, distribution, etc. | London, Japan |
| Name of publisher, distributor, etc. | John Wiley & Sons |
| Date of publication, distribution, etc. | 1958 |
| 300 ## - PHYSICAL DESCRIPTION | |
| Extent | xiii, 563 p. |
| Other physical details | ill. |
| Dimensions | 28 cm. |
| 526 ## - STUDY PROGRAM INFORMATION NOTE | |
| Program name | 0 |
| Interest level | 0 |
| Reading level | 0 |
| Title point value | 621_560000000000000_SEV |
| 650 ## - SUBJECT ADDED ENTRY--TOPICAL TERM | |
| Topical term or geographic name entry element | MCE |
| 9 (RLIN) | 379 |
| 942 ## - ADDED ENTRY ELEMENTS (KOHA) | |
| Source of classification or shelving scheme | |
| Koha item type | Book |
| Withdrawn status | Lost status | Source of classification or shelving scheme | Damaged status | Not for loan | Permanent Location | Current Location | Date acquired | Total Checkouts | Full call number | Barcode | Date last seen | Price effective from | Koha item type |
|---|---|---|---|---|---|---|---|---|---|---|---|---|---|
| Military College of Engineering (MCE) | Military College of Engineering (MCE) | 05/30/2014 | 621.56 SEV | MCE-3102 | 05/30/2014 | 03/14/2021 | Book |
